| 000 | 01081cam a2200277 i 4500 | ||
|---|---|---|---|
| 005 | 20171107101625.0 | ||
| 008 | 040707s2001 ec ad r 000 0 spa d | ||
| 015 | _aNNN | ||
| 020 | _a9978419632 | ||
| 040 |
_aCO-BoPUJ _cCO-BoIAVH _dCO-BoIAVH |
||
| 041 | 0 | _aspa | |
| 043 | _as-ec--- | ||
| 082 | 0 | 4 |
_a595.76 _bC39m |
| 100 | 1 | _aCeli, Jorge | |
| 245 | 1 | 0 |
_aManual de monitoreo : _blos escarabajos peloteros como indicadores de la calidad ambiental / _cJorge Celi y Andrea Dávalos |
| 246 | 3 | 0 | _aEscarabajos peloteros como indicadores de la calidad ambiental |
| 260 |
_aQuito : _bEcoCiencia, _c2001. |
||
| 300 |
_a71 p. : _bil., tablas ; _c30 cm. + _e1 lámina plegable (34 x 51 cm. plegable a 16 x 26 cm.) |
||
| 504 | _aIncluye referencias bibliográficas (p. 67). | ||
| 650 | 2 | 4 |
_aEscarabajos _vClasificació _zEcuador |
| 650 | 2 | 4 |
_aIndicadores (biología) _zEcuador |
| 650 | 2 | 4 |
_aMonitores ambientales _zEcuador |
| 700 | 1 |
_aDávalos, Andrea, _eautor. |
|
| 710 | 2 | _aFundación Ecuatoriana de Estudios Ecológicos | |
| 942 |
_2ddc _cLIBRO |
||
| 999 |
_c3911 _d3911 |
||